Answers Start With "Wal-" - Statistics

General Stats
  • This quiz has been taken 227 times
    23 since last reset
  • The average score is 15 of 20
Answer Stats
Hint Answer % Correct
Constituent nation of the United Kingdom Wales
100%
Edible seed of any tree of the genus Juglans walnut
100%
A dance in triple time performed by a couple waltz
100%
Striped book character who readers search for Waldo / Wally
96%
2008 Pixar film WALL-E
96%
Metonym for the financial markets of the United States Wall Street
96%
Hypermarket chain that also operates Sam's Club Walmart
96%
Large pinniped marine mammal walrus
91%
Marsupial smaller than a kangaroo or wallaroo wallaby
87%
Brand of portable audio players by Sony Walkman
83%
Salad with celery, apples, nuts, and grapes Waldorf salad
78%
A portable two-way radio walkie-talkie
74%
One of the three regions of Belgium Wallonia
74%
Body of water where Henry David Thoreau lived Walden Pond
57%
Poet of Leaves of Grass Walt Whitman
57%
Historical and geographical region of Romania Wallachia
52%
Freshwater North American fish Sander vitreus walleye
52%
The Griswold family's destination in Vacation Wally World
48%
Jakob Dylan band of "One Headlight" The Wallflowers
43%
Washington State city near border with Oregon Walla Walla
39%
No matching quizzes found
Score Distribution
Percent of People with Each Score
Percentile by Number Answered
Your Score History
You have not taken this quiz since the last reset